000 00246nam a2200097Ia 4500
008 170619s9999 xx 000 0 und d
100 _aPal- Rajendra
245 0 _aEssentials of business communication
260 _bNew Delhi Sultan Chand
260 _c2004
546 _aENGLISH
999 _c21963
_d21963